<?xml version="1.0" encoding="UTF-8"?>
<record
    xmlns:xsi="http://www.w3.org/2001/XMLSchema-instance"
    xsi:schemaLocation="http://www.loc.gov/MARC21/slim http://www.loc.gov/standards/marcxml/schema/MARC21slim.xsd"
    xmlns="http://www.loc.gov/MARC21/slim">

  <leader>00558nam a22001577a 4500</leader>
  <controlfield tag="003">OSt</controlfield>
  <controlfield tag="005">20151128112652.0</controlfield>
  <controlfield tag="008">151128b        xxu||||| |||| 00| 0 eng d</controlfield>
  <datafield tag="040" ind1=" " ind2=" ">
    <subfield code="c">RUA</subfield>
  </datafield>
  <datafield tag="082" ind1=" " ind2=" ">
    <subfield code="a">FIS OU 1996 B164 Or.1</subfield>
  </datafield>
  <datafield tag="100" ind1=" " ind2=" ">
    <subfield code="9">3977</subfield>
    <subfield code="a">OU, SETHY RITH.</subfield>
  </datafield>
  <datafield tag="245" ind1=" " ind2=" ">
    <subfield code="a">A study of local inundated forestry species in siem reap province, &#x1780;&#x17B6;&#x179A;&#x179F;&#x17B7;&#x1780;&#x17D2;&#x179F;&#x17B6;&#x1796;&#x17B8;&#x1794;&#x17D2;&#x179A;&#x1797;&#x17C1;&#x1791;&#x1796;&#x17D2;&#x179A;&#x17C3;&#x179B;&#x17B7;&#x1785;&#x1791;&#x17B9;&#x1780;&#x1780;&#x17D2;&#x1793;&#x17BB;&#x1784;&#x1781;&#x17C1;&#x178F;&#x17D2;&#x178F;&#x179F;&#x17C0;&#x1798;&#x179A;&#x17B6;&#x1794;</subfield>
  </datafield>
  <datafield tag="260" ind1=" " ind2=" ">
    <subfield code="a">Phnom Penh</subfield>
    <subfield code="b">RUA</subfield>
    <subfield code="c">1996</subfield>
  </datafield>
  <datafield tag="300" ind1=" " ind2=" ">
    <subfield code="a">119p.</subfield>
    <subfield code="b">ill.</subfield>
    <subfield code="c">29cm.</subfield>
  </datafield>
  <datafield tag="942" ind1=" " ind2=" ">
    <subfield code="2">ddc</subfield>
    <subfield code="c">FIS</subfield>
  </datafield>
  <datafield tag="999" ind1=" " ind2=" ">
    <subfield code="c">3698</subfield>
    <subfield code="d">3698</subfield>
  </datafield>
  <datafield tag="952" ind1=" " ind2=" ">
    <subfield code="0">0</subfield>
    <subfield code="1">0</subfield>
    <subfield code="2">ddc</subfield>
    <subfield code="4">0</subfield>
    <subfield code="6">FIS_OU_1996_000000000000000_B164_OR_1</subfield>
    <subfield code="7">0</subfield>
    <subfield code="9">18381</subfield>
    <subfield code="a">LBB</subfield>
    <subfield code="b">LBB</subfield>
    <subfield code="c">B164</subfield>
    <subfield code="d">2015-11-28</subfield>
    <subfield code="o">FIS OU 1996 B164 Or.1</subfield>
    <subfield code="p">RUA026000</subfield>
    <subfield code="r">2015-11-28</subfield>
    <subfield code="w">2015-11-28</subfield>
    <subfield code="y">FIS</subfield>
  </datafield>
  <datafield tag="952" ind1=" " ind2=" ">
    <subfield code="0">0</subfield>
    <subfield code="1">0</subfield>
    <subfield code="2">ddc</subfield>
    <subfield code="4">0</subfield>
    <subfield code="6">FIS_OU_1996_000000000000000_B164_OR_2</subfield>
    <subfield code="7">0</subfield>
    <subfield code="9">18382</subfield>
    <subfield code="a">LBB</subfield>
    <subfield code="b">LBB</subfield>
    <subfield code="c">B164</subfield>
    <subfield code="d">2015-11-28</subfield>
    <subfield code="l">2</subfield>
    <subfield code="o">FIS OU 1996 B164 Or.2</subfield>
    <subfield code="p">RUA026966</subfield>
    <subfield code="r">2016-10-26</subfield>
    <subfield code="s">2016-10-04</subfield>
    <subfield code="w">2015-11-28</subfield>
    <subfield code="y">FIS</subfield>
  </datafield>
  <datafield tag="952" ind1=" " ind2=" ">
    <subfield code="0">0</subfield>
    <subfield code="1">0</subfield>
    <subfield code="2">ddc</subfield>
    <subfield code="4">0</subfield>
    <subfield code="6">FIS_OU_1996_000000000000000_B164_OR_3</subfield>
    <subfield code="7">0</subfield>
    <subfield code="9">18383</subfield>
    <subfield code="a">LBB</subfield>
    <subfield code="b">LBB</subfield>
    <subfield code="c">B164</subfield>
    <subfield code="d">2015-11-28</subfield>
    <subfield code="o">FIS OU 1996 B164 Or.3</subfield>
    <subfield code="p">RUA011955</subfield>
    <subfield code="r">2015-11-28</subfield>
    <subfield code="w">2015-11-28</subfield>
    <subfield code="y">FIS</subfield>
  </datafield>
  <datafield tag="952" ind1=" " ind2=" ">
    <subfield code="0">0</subfield>
    <subfield code="1">0</subfield>
    <subfield code="2">ddc</subfield>
    <subfield code="4">0</subfield>
    <subfield code="6">FIS_OU_1996_000000000000000_B164_OR_4</subfield>
    <subfield code="7">0</subfield>
    <subfield code="9">18384</subfield>
    <subfield code="a">LBB</subfield>
    <subfield code="b">LBB</subfield>
    <subfield code="c">B164</subfield>
    <subfield code="d">2015-11-28</subfield>
    <subfield code="l">1</subfield>
    <subfield code="m">1</subfield>
    <subfield code="o">FIS OU 1996 B164 Or.4</subfield>
    <subfield code="p">RUA011957</subfield>
    <subfield code="r">2016-10-05</subfield>
    <subfield code="s">2016-09-13</subfield>
    <subfield code="w">2015-11-28</subfield>
    <subfield code="y">FIS</subfield>
  </datafield>
  <datafield tag="952" ind1=" " ind2=" ">
    <subfield code="0">0</subfield>
    <subfield code="1">0</subfield>
    <subfield code="2">ddc</subfield>
    <subfield code="4">0</subfield>
    <subfield code="6">FIS_OU_1996_000000000000000_B164_OR_5</subfield>
    <subfield code="7">0</subfield>
    <subfield code="9">18385</subfield>
    <subfield code="a">LBB</subfield>
    <subfield code="b">LBB</subfield>
    <subfield code="c">B164</subfield>
    <subfield code="d">2015-11-28</subfield>
    <subfield code="o">FIS OU 1996 B164 Or.5</subfield>
    <subfield code="p">RUA010013</subfield>
    <subfield code="r">2015-11-28</subfield>
    <subfield code="w">2015-11-28</subfield>
    <subfield code="y">FIS</subfield>
  </datafield>
  <datafield tag="952" ind1=" " ind2=" ">
    <subfield code="0">0</subfield>
    <subfield code="1">0</subfield>
    <subfield code="2">ddc</subfield>
    <subfield code="4">0</subfield>
    <subfield code="6">FIS_OU_1996_000000000000000_B164_OR_6</subfield>
    <subfield code="7">0</subfield>
    <subfield code="9">18386</subfield>
    <subfield code="a">LBB</subfield>
    <subfield code="b">LBB</subfield>
    <subfield code="c">B164</subfield>
    <subfield code="d">2015-11-28</subfield>
    <subfield code="o">FIS OU 1996 B164 Or.6</subfield>
    <subfield code="p">RUA026836</subfield>
    <subfield code="r">2015-11-28</subfield>
    <subfield code="w">2015-11-28</subfield>
    <subfield code="y">FIS</subfield>
  </datafield>
  <datafield tag="952" ind1=" " ind2=" ">
    <subfield code="0">0</subfield>
    <subfield code="1">0</subfield>
    <subfield code="2">ddc</subfield>
    <subfield code="4">0</subfield>
    <subfield code="6">FIS_OU_1996_000000000000000_B164_OR_7</subfield>
    <subfield code="7">0</subfield>
    <subfield code="9">18387</subfield>
    <subfield code="a">LBB</subfield>
    <subfield code="b">LBB</subfield>
    <subfield code="c">B164</subfield>
    <subfield code="d">2015-11-28</subfield>
    <subfield code="l">1</subfield>
    <subfield code="o">FIS OU 1996 B164 Or.7</subfield>
    <subfield code="p">RUA027562</subfield>
    <subfield code="r">2021-11-22</subfield>
    <subfield code="s">2021-11-10</subfield>
    <subfield code="w">2015-11-28</subfield>
    <subfield code="y">FIS</subfield>
  </datafield>
  <datafield tag="952" ind1=" " ind2=" ">
    <subfield code="0">0</subfield>
    <subfield code="1">0</subfield>
    <subfield code="2">ddc</subfield>
    <subfield code="4">0</subfield>
    <subfield code="6">FIS_OU_1996_000000000000000_B164_OR_8</subfield>
    <subfield code="7">0</subfield>
    <subfield code="9">18388</subfield>
    <subfield code="a">LBB</subfield>
    <subfield code="b">LBB</subfield>
    <subfield code="c">B164</subfield>
    <subfield code="d">2015-11-28</subfield>
    <subfield code="o">FIS OU 1996 B164 Or.8</subfield>
    <subfield code="p">RUA027211</subfield>
    <subfield code="r">2015-11-28</subfield>
    <subfield code="w">2015-11-28</subfield>
    <subfield code="y">FIS</subfield>
  </datafield>
  <datafield tag="952" ind1=" " ind2=" ">
    <subfield code="0">0</subfield>
    <subfield code="1">0</subfield>
    <subfield code="2">ddc</subfield>
    <subfield code="4">0</subfield>
    <subfield code="6">FIS_OU_1996_000000000000000_B164_OR_9</subfield>
    <subfield code="7">0</subfield>
    <subfield code="9">18389</subfield>
    <subfield code="a">LBB</subfield>
    <subfield code="b">LBB</subfield>
    <subfield code="c">B164</subfield>
    <subfield code="d">2015-11-28</subfield>
    <subfield code="o">FIS OU 1996 B164 Or.9</subfield>
    <subfield code="p">RUA026077</subfield>
    <subfield code="r">2015-11-28</subfield>
    <subfield code="w">2015-11-28</subfield>
    <subfield code="y">FIS</subfield>
  </datafield>
  <datafield tag="952" ind1=" " ind2=" ">
    <subfield code="0">0</subfield>
    <subfield code="1">0</subfield>
    <subfield code="2">ddc</subfield>
    <subfield code="4">0</subfield>
    <subfield code="6">FIS_OU_1996_000000000000000_B164_OR_10</subfield>
    <subfield code="7">0</subfield>
    <subfield code="9">18390</subfield>
    <subfield code="a">LBB</subfield>
    <subfield code="b">LBB</subfield>
    <subfield code="c">B164</subfield>
    <subfield code="d">2015-11-28</subfield>
    <subfield code="o">FIS OU 1996 B164 Or.10</subfield>
    <subfield code="p">RUA010445</subfield>
    <subfield code="r">2015-11-28</subfield>
    <subfield code="w">2015-11-28</subfield>
    <subfield code="y">FIS</subfield>
  </datafield>
</record>
